[Event "GER-ch 68th"]
[Site "Dudweiler"]
[Date "1996.??.??"]
[Round "7"]
[White "Pirrot, Dieter"]
[Black "Kirschbaum, Gunnar"]
[Result "1-0"]
[WhiteElo "2415"]
[BlackElo "2195"]
[EventDate "1996.11.26"]
[PlyCount "91"]

1. e4 g6 2. d4 Bg7 3. Nc3 d6 4. f4 Nf6 5. Nf3 c5 6. Bb5+ Bd7 7. e5 Ng4 8. Bxd7+ Qxd7 9. d5 dxe5 10. h3 e4 11. hxg4 exf3 12. Qxf3 Na6 13. Bd2 Nb4 14. O-O-O O-O-O 15. Be3 Bxc3 16. bxc3 Nxa2+ 17. Kb2 Qb5+ 18. Kxa2 Rd6 19. Bc1 Qa4+ 20. Ba3 Qc4+ 21. Kb2 Rb6+ 22. Kc1 Ra6 23. Bb2 Rb6 24. Qe3 Rd8 25. Ba3 Qa2 26. Bxc5 Rb1+ 27. Kd2 Qxd5+ 28. Bd4 Qxg2+ 29. Qe2 Rxd1+ 30. Rxd1 Qg3 31. Rf1 e6 32. Kc1 h6 33. Qc4+ Kb8 34. Qc5 Qg2 35. Qxa7+ Kc8 36. Rd1 Rd6 37. Qa8+ Kd7 38. Qf8 Qxg4 39. Qxf7+ Kc6 40. Rg1 Qf3 41. Qe8+ Kc7 42. Qf7+ Kc6 43. Re1 Rxd4 44. cxd4 Qa3+ 45. Kd1 Qf3+ 46. Re2 1-0

[Event "GER-ch 68th"]
[Site "Dudweiler"]
[Date "1996.??.??"]
[Round "7"]
[White "Riegler, Dieter"]
[Black "Klein, J."]
[Result "1/2-1/2"]
[WhiteElo "2195"]
[BlackElo "2090"]
[EventDate "1996.11.26"]
[PlyCount "88"]

1. d4 Nf6 2. c4 c5 3. d5 b5 4. cxb5 a6 5. bxa6 g6 6. Nc3 Bxa6 7. f4 Bg7 8. Nf3 d6 9. e4 Bxf1 10. Rxf1 O-O 11. e5 Ne8 12. Kf2 Nd7 13. Qe2 Nc7 14. Rd1 Ra6 15. Kg1 Qa8 16. Qe4 Rb8 17. exd6 exd6 18. Qe7 Nf8 19. Ng5 f6 20. Nge4 Ne8 21. Nd2 Ra7 22. Qe2 f5 23. Nc4 Rb4 24. Bd2 Bf6 25. Qd3 Nd7 26. Re1 Nb6 27. Nxb6 Rxb6 28. Rab1 Ng7 29. b3 Rab7 30. Na4 Rb5 31. Bc3 Bxc3 32. Nxc3 Rb4 33. Qf3 c4 34. bxc4 Rxb1 35. Rxb1 Rxb1+ 36. Nxb1 Qxa2 37. Qd3 Nh5 38. g3 Qa1 39. Kg2 Nf6 40. Nd2 Qc1 41. Qe3 Ng4 42. Qe6+ Kg7 43. Nf3 Qc2+ 44. Kh3 Qf2 1/2-1/2

[Event "GER-ch 68th"]
[Site "Dudweiler"]
[Date "1996.??.??"]
[Round "7"]
[White "Schmaltz, Roland"]
[Black "Lutz, Christopher"]
[Result "0-1"]
[WhiteElo "2440"]
[BlackElo "2565"]
[EventDate "1996.11.26"]
[PlyCount "136"]

1. e4 c5 2. Nf3 d6 3. d4 cxd4 4. Nxd4 Nf6 5. Nc3 a6 6. f4 e5 7. Nf3 Nbd7 8. Bd3 Be7 9. O-O b5 10. a3 O-O 11. Kh1 Re8 12. Qe1 exf4 13. Bxf4 Bb7 14. Qd2 Qc7 15. Rae1 Ne5 16. Nd4 g6 17. Bg5 Qd8 18. Re2 Rc8 19. Qe1 Nh5 20. Bxe7 Qxe7 21. Nf3 Nf4 22. Rd2 Nxf3 23. Rxf3 Nd5 24. Nxd5 Bxd5 25. Re2 Bb7 26. Qf2 Rc5 27. h3 Re5 28. c4 bxc4 29. Bxc4 d5 30. Bb3 Rf8 31. Qb6 dxe4 32. Rf6 Kg7 33. Rd6 Rb5 34. Qd4+ Qe5 35. Qxe5+ Rxe5 36. Rd7 Bc6 37. Rc7 Bb5 38. Re3 Bd3 39. Rd7 Rc5 40. Kh2 g5 41. g4 Rb5 42. Bd5 Rxb2+ 43. Kg3 Kg6 44. Rd6+ f6 45. h4 h5 46. gxh5+ Kxh5 47. hxg5 Kxg5 48. Bxe4 Bxe4 49. Rxe4 Rb3+ 50. Kg2 Rxa3 51. Ree6 a5 52. Rd5+ f5 53. Re2 Kg4 54. Rd7 f4 55. Rc2 Rf5 56. Kf2 Rf3+ 57. Kg2 Rg3+ 58. Kf2 Ra3 59. Rg7+ Rg5 60. Rf7 Rf3+ 61. Kg2 Rb3 62. Kf2 Rbb5 63. Ra2 Rh5 64. Kg2 Rbf5 65. Rg7+ Rfg5 66. Rf7 f3+ 67. Rxf3 Rh2+ 68. Kxh2 Kxf3 0-1

[Event "GER-ch 68th"]
[Site "Dudweiler"]
[Date "1996.??.??"]
[Round "7"]
[White "Schulz, Karsten"]
[Black "Wesseln, Kai"]
[Result "0-1"]
[WhiteElo "2360"]
[BlackElo "2320"]
[EventDate "1996.11.26"]
[PlyCount "120"]

1. Nf3 Nf6 2. g3 g6 3. b3 Bg7 4. Bb2 O-O 5. Bg2 c5 6. c4 Nc6 7. O-O d6 8. d4 cxd4 9. Nxd4 Bd7 10. Nc3 Nxd4 11. Qxd4 Bc6 12. Nd5 Ne8 13. Qd2 Bxb2 14. Qxb2 Nc7 15. Rfd1 Nxd5 16. Bxd5 Bxd5 17. Rxd5 Rc8 18. Rad1 b6 19. Qd2 Rc5 20. Rd4 Qc7 21. Rh4 f6 22. b4 Rc6 23. Qd5+ Kg7 24. Qe6 g5 25. Re4 Rf7 26. Qd5 Qc8 27. Rc1 Rc7 28. Re6 Qa6 29. Rc2 Qa3 30. Qd2 a5 31. bxa5 bxa5 32. Re3 Qc5 33. Rd3 Rf8 34. Rd5 Qb4 35. Rxa5 Rxc4 36. Qxb4 Rxb4 37. Ra7 Kf7 38. Rcc7 Re4 39. e3 Rb8 40. Kg2 g4 41. Rcb7 Rxb7 42. Rxb7 Ra4 43. Rb2 Ra3 44. h3 h5 45. hxg4 hxg4 46. Rb4 f5 47. Rf4 Kf6 48. e4 e6 49. exf5 e5 50. Rxg4 Kxf5 51. Rg8 d5 52. g4+ Ke4 53. g5 Rxa2 54. g6 d4 55. g7 Ra7 56. f4 Ke3 57. Kh3 d3 58. fxe5 d2 59. Rd8 Rxg7 60. e6 Ke2 0-1

[Event "GER-ch 68th"]
[Site "Dudweiler"]
[Date "1996.??.??"]
[Round "7"]
[White "Schwing, Hans Elmar"]
[Black "Homuth, Manfred"]
[Result "1-0"]
[WhiteElo "2245"]
[BlackElo "2275"]
[EventDate "1996.11.26"]
[PlyCount "111"]

1. d4 f5 2. Nc3 Nf6 3. Bg5 d5 4. Bxf6 exf6 5. e3 c6 6. Bd3 Qb6 7. a3 Be6 8. Nge2 Bd6 9. Na4 Qc7 10. Nc5 Bxc5 11. dxc5 Nd7 12. b4 g6 13. Nd4 Bf7 14. O-O Ne5 15. Qd2 O-O 16. a4 a5 17. c3 Rfd8 18. Rfb1 Rd7 19. Qc2 Rad8 20. Rd1 Re7 21. Be2 Rde8 22. Bf1 Kg7 23. Nb3 axb4 24. cxb4 Ng4 25. g3 h5 26. Rd4 h4 27. Bg2 hxg3 28. hxg3 Nxe3 29. fxe3 Rxe3 30. Rf4 Qe5 31. Nd4 Re1+ 32. Rxe1 Qxe1+ 33. Rf1 Qxg3 34. Qf2 Qc3 35. b5 Re3 36. bxc6 bxc6 37. Nxc6 Qxc5 38. Nd8 d4 39. Nxf7 Kxf7 40. Rb1 g5 41. Qa2+ Kg7 42. Qd5 Qxd5 43. Bxd5 d3 44. Rd1 f4 45. Bc4 g4 46. Bxd3 g3 47. Kg2 Kh6 48. a5 Re5 49. Ra1 Kg5 50. a6 Kg4 51. a7 f3+ 52. Kg1 Re1+ 53. Rxe1 f2+ 54. Kf1 fxe1=R+ 55. Kxe1 g2 56. Kf2 1-0

[Event "GER-ch 68th"]
[Site "Dudweiler"]
[Date "1996.??.??"]
[Round "7"]
[White "Wahls, Matthias"]
[Black "Lagunow, Alexander"]
[Result "1-0"]
[WhiteElo "2540"]
[BlackElo "2425"]
[EventDate "1996.11.26"]
[PlyCount "103"]

1. e4 c5 2. Nf3 d6 3. d4 cxd4 4. Nxd4 Nf6 5. Nc3 Nc6 6. Bg5 e6 7. Qd2 a6 8. O-O-O h6 9. Be3 Be7 10. f4 Nxd4 11. Bxd4 b5 12. Qe3 Qc7 13. e5 dxe5 14. fxe5 Nd7 15. Ne4 Bb7 16. Nd6+ Qxd6 17. exd6 Bg5 18. Qxg5 hxg5 19. Bxg7 Rh4 20. Bd4 Rc8 21. Bf2 Rh6 22. h4 e5 23. Rh3 g4 24. Re3 Kf8 25. Bg3 f5 26. Bxe5 Be4 27. Rxe4 fxe4 28. Bg3 Rh5 29. c3 Rf5 30. Be2 Nf6 31. Rd4 Rd8 32. a4 Kf7 33. axb5 axb5 34. Kc2 Ke6 35. Rb4 Rb8 36. d7 Rd8 37. Bxb5 e3 38. Bc7 Rf2+ 39. Kd3 Rd2+ 40. Kxe3 R8xd7 41. Bxd7+ Rxd7 42. Rb6+ Kf7 43. Rxf6+ Kxf6 44. Bf4 Ke6 45. g3 Kd5 46. b4 Kc4 47. Be5 Kd5 48. Bf4 Kc4 49. Ke4 Kxc3 50. b5 Rb7 51. h5 Rxb5 52. Be5+ 1-0

[Event "GER-ch 68th"]
[Site "Dudweiler"]
[Date "1996.??.??"]
[Round "7"]
[White "Walter, Guenter"]
[Black "Dietz, Holger"]
[Result "1/2-1/2"]
[WhiteElo "2275"]
[BlackElo "2285"]
[EventDate "1996.11.26"]
[PlyCount "86"]

1. d4 Nf6 2. Nf3 b6 3. Bg5 Bb7 4. Nbd2 e6 5. e4 h6 6. Bxf6 Qxf6 7. Bd3 d6 8. Qe2 g5 9. e5 Qe7 10. Be4 d5 11. Bd3 g4 12. Ng1 h5 13. c3 Bh6 14. h3 Qg5 15. g3 c5 16. hxg4 hxg4 17. Rh4 cxd4 18. cxd4 Nc6 19. Rxg4 Qe7 20. O-O-O Nxd4 21. Qe1 Rc8+ 22. Kb1 Qc5 23. Ngf3 Nc2 24. Qe2 Nb4 25. Nb3 Qe7 26. Bb5+ Kd8 27. Nfd4 Nc6 28. Nxc6+ Bxc6 29. Bxc6 Rxc6 30. Rh1 Qf8 31. Qa6 Rc7 32. Rgh4 Bg7 33. Rxh8 Bxh8 34. f4 Bg7 35. a3 Qe7 36. Rd1 Ke8 37. Qd3 Qd7 38. Ka2 Qa4 39. f5 Qe4 40. Qb5+ Kf8 41. fxe6 Qxe5 42. Qb4+ Kg8 43. exf7+ Rxf7 1/2-1/2

[Event "GER-ch 68th"]
[Site "Dudweiler"]
[Date "1996.??.??"]
[Round "7"]
[White "Zeller, Frank"]
[Black "Hetey, Laszlo"]
[Result "1-0"]
[WhiteElo "2410"]
[BlackElo "2410"]
[EventDate "1996.11.26"]
[PlyCount "69"]

1. d4 d5 2. Nf3 Nf6 3. c4 c6 4. cxd5 cxd5 5. Nc3 Nc6 6. Bf4 a6 7. Ne5 e6 8. e3 Nxe5 9. Bxe5 Bd6 10. Bd3 O-O 11. O-O b5 12. Qc2 g6 13. e4 Bxe5 14. dxe5 Ng4 15. exd5 exd5 16. Rae1 d4 17. Nd1 Re8 18. f4 Bd7 19. h3 Rc8 20. Qd2 Nh6 21. Nf2 f5 22. Rd1 Bc6 23. Bc2 Kg7 24. Bb3 a5 25. Qxd4 Qxd4 26. Rxd4 g5 27. fxg5 Nf7 28. Bxf7 Kxf7 29. Nd3 Kg6 30. Rd6+ Kxg5 31. h4+ Kg4 32. Kh2 Be4 33. Rf4+ Kh5 34. Rxe4 fxe4 35. Kh3 1-0

[Event "GER-ch 68th"]
[Site "Dudweiler"]
[Date "1996.??.??"]
[Round "7"]
[White "Zude, Arno"]
[Black "Glienke, Manfred"]
[Result "1/2-1/2"]
[WhiteElo "2410"]
[BlackElo "2325"]
[EventDate "1996.11.26"]
[PlyCount "93"]

1. e4 c5 2. Nf3 Nc6 3. d4 cxd4 4. Nxd4 g6 5. c4 Bg7 6. Be3 Nf6 7. Nc3 Ng4 8. Qxg4 Nxd4 9. Qd1 Nc6 10. Rc1 d6 11. Be2 O-O 12. O-O h6 13. Qd2 Kh7 14. Rfd1 Be6 15. b3 Rc8 16. Nd5 b6 17. f3 Qd7 18. Nf4 Qb7 19. Nxe6 fxe6 20. f4 Rf6 21. Bd3 Rcf8 22. Rf1 e5 23. f5 Nd8 24. Bb1 g5 25. Qe2 Nc6 26. Qh5 Kg8 27. h4 gxh4 28. Rf3 Nd4 29. Rh3 e6 30. Re1 exf5 31. Bxd4 exd4 32. exf5 d5 33. Bd3 Kh8 34. Rxh4 dxc4 35. bxc4 Qf7 36. Qe2 Rd8 37. Re4 Bf8 38. Re6 Bc5 39. Qe5 Rf8 40. Rc6 Qg7 41. Rc7 R6f7 42. f6 Qxf6 43. Qxf6+ Rxf6 44. Rxa7 R8f7 45. Rxf7 Rxf7 46. Re6 Ra7 47. Rxh6+ 1/2-1/2

[Event "GER-ch 68th"]
[Site "Dudweiler"]
[Date "1996.??.??"]
[Round "8"]
[White "Bangiev, Alexander J"]
[Black "Miltner, Arndt"]
[Result "1/2-1/2"]
[WhiteElo "2400"]
[BlackElo "2330"]
[EventDate "1996.11.26"]
[PlyCount "110"]

1. e4 d6 2. f4 c6 3. Nf3 d5 4. Nc3 Bg4 5. h3 Bxf3 6. Qxf3 e6 7. d3 Bb4 8. a3 Ba5 9. Qg3 g6 10. Be2 Nf6 11. O-O Nbd7 12. Rb1 Qe7 13. Be3 Bb6 14. e5 d4 15. exf6 Nxf6 16. Na4 dxe3 17. Nxb6 axb6 18. Qxe3 Qc5 19. Qxc5 bxc5 20. Bf3 Kd7 21. Rbe1 Kd6 22. Kf2 Ra4 23. g3 h6 24. Bd1 Ra6 25. c3 Rha8 26. g4 Rh8 27. Kg3 Raa8 28. Bb3 Nd5 29. Re4 f6 30. d4 cxd4 31. Rxd4 b5 32. Bd1 e5 33. fxe5+ fxe5 34. Re4 Rhf8 35. Rfe1 Rae8 36. Bf3 Rf4 37. R4e2 g5 38. Be4 Nf6 39. Rd1+ Kc7 40. Rde1 Re7 41. Bf5 Kd6 42. Rd1+ Kc7 43. Rde1 e4 44. Ra1 Nd5 45. Rae1 Rf3+ 46. Kh2 Nf4 47. Rxe4 Rxe4 48. Rxe4 Rf2+ 49. Kh1 Rxb2 50. h4 Ng2 51. h5 Nh4 52. Re7+ Kd6 53. Re6+ Kd5 54. Kg1 Rg2+ 55. Kf1 Nxf5 1/2-1/2

[Event "GER-ch 68th"]
[Site "Dudweiler"]
[Date "1996.??.??"]
[Round "8"]
[White "Bastian, Herbert"]
[Black "Zeller, Frank"]
[Result "0-1"]
[WhiteElo "2365"]
[BlackElo "2410"]
[EventDate "1996.11.26"]
[PlyCount "156"]

1. e4 c6 2. d4 d5 3. exd5 cxd5 4. Bd3 Nc6 5. c3 g6 6. Bf4 Bg7 7. Nf3 Nh6 8. Qc1 Nf5 9. Nbd2 O-O 10. O-O f6 11. Re1 g5 12. Qb1 e6 13. Be3 Nxe3 14. Rxe3 f5 15. b4 g4 16. b5 Ne7 17. Ne5 Ng6 18. Nxg6 hxg6 19. Nb3 Qe7 20. Qe1 Kf7 21. g3 Bd7 22. a4 Rae8 23. c4 Qd8 24. Qc3 Bc8 25. Rae1 b6 26. c5 Rh8 27. cxb6 axb6 28. f4 gxf3 29. Rxf3 Bd7 30. Rf2 Qb8 31. a5 Rc8 32. Qb4 bxa5 33. Qxa5 Rc4 34. Nc5 Bxd4 35. Nxd7 Bxf2+ 36. Kxf2 Rxh2+ 37. Kf3 Qh8 38. Ne5+ Kf6 39. Nxc4 d4 40. Rxe6+ Kg5 41. Qd2+ Rxd2 42. Nxd2 Qh1+ 43. Ke2 Qg2+ 44. Kd1 Qxg3 45. Kc2 Qc7+ 46. Rc6 Qa7 47. Kb2 Kf4 48. Nb3 Ke3 49. b6 Qd7 50. Rxg6 f4 51. Ba6 d3 52. b7 Qe8 53. Rb6 Qe5+ 54. Kb1 Qb8 55. Re6+ Kf2 56. Rc6 Qe8 57. Rc8 Qe1+ 58. Ka2 Qe2+ 59. Ka3 Qe7+ 60. Ka2 Qe2+ 61. Ka3 Qe7+ 62. Ka4 Qd7+ 63. Kb4 Qd6+ 64. Kb5 Qd5+ 65. Nc5 d2 66. b8=Q d1=Q 67. Qxf4+ Q1f3 68. Qh2+ Ke1 69. Re8+ Kd1 70. Qg1+ Kc2 71. Qh2+ Kc3 72. Qh8+ Kc2 73. Qh7+ Kb2 74. Re4 Qfd3+ 75. Kb6 Qd6+ 76. Kb7 Q3d5+ 77. Ka7 Q5xc5+ 78. Ka8 Qd8+ 0-1

[Event "GER-ch 68th"]
[Site "Dudweiler"]
[Date "1996.??.??"]
[Round "8"]
[White "Bischoff, Klaus"]
[Black "Mainka, Romuald"]
[Result "1-0"]
[WhiteElo "2530"]
[BlackElo "2455"]
[EventDate "1996.11.26"]
[PlyCount "91"]

1. c4 e5 2. g3 d6 3. Bg2 g6 4. Nc3 Bg7 5. e4 Nf6 6. Nge2 c6 7. O-O O-O 8. d4 Qb6 9. d5 cxd5 10. cxd5 Na6 11. Be3 Qd8 12. f3 Nh5 13. g4 Nf6 14. Ng3 Bd7 15. Rf2 Ne8 16. Bf1 Bf6 17. Qd2 Bh4 18. Rg2 Nac7 19. a4 f6 20. Nge2 Kh8 21. f4 exf4 22. Nxf4 Qe7 23. Bd4 Kg8 24. Bd3 Ng7 25. Rf1 Na6 26. Bb5 Bc8 27. Qe3 b6 28. Qh3 Bg5 29. Qg3 Nc5 30. h4 Bxf4 31. Qxf4 Nd7 32. Bxd7 Qxd7 33. Bxf6 Ba6 34. Rff2 Ne8 35. g5 Ng7 36. Qg4 Qc7 37. Bxg7 Kxg7 38. h5 Qc5 39. Qd7+ Kg8 40. h6 Qd4 41. Qe6+ Kh8 42. Qxd6 Bd3 43. Qe7 Rae8 44. Qxa7 Rg8 45. Kh2 Bxe4 46. Rf7 1-0

[Event "GER-ch 68th"]
[Site "Dudweiler"]
[Date "1996.??.??"]
[Round "8"]
[White "Dietz, Holger"]
[Black "Hennings, Artur"]
[Result "1/2-1/2"]
[WhiteElo "2285"]
[BlackElo "2340"]
[EventDate "1996.11.26"]
[PlyCount "80"]

1. d4 d6 2. c3 Nf6 3. Bf4 Nbd7 4. Nf3 g6 5. h3 Bg7 6. e3 O-O 7. Be2 b6 8. a4 a6 9. O-O Bb7 10. Nbd2 e6 11. a5 b5 12. Qc2 Qe7 13. Bh2 Rfc8 14. c4 c6 15. Rfd1 Ne8 16. Rac1 f5 17. e4 fxe4 18. Qxe4 bxc4 19. Qe3 d5 20. Ng5 Bh6 21. Qxe6+ Qxe6 22. Nxe6 Kf7 23. Bf4 Bxf4 24. Nxf4 Ndf6 25. b3 g5 26. Nh5 c5 27. Nxf6 Nxf6 28. bxc4 cxd4 29. c5 Rc7 30. Nb3 Rb8 31. Nxd4 Bc8 32. Bd3 Rb4 33. Nf3 h6 34. c6 Ra4 35. Ra1 Rxa1 36. Rxa1 Ke7 37. Rc1 Kd6 38. Nd4 Ke5 39. Nf3+ Kd6 40. Nd4 Ke5 1/2-1/2

[Event "GER-ch 68th"]
[Site "Dudweiler"]
[Date "1996.??.??"]
[Round "8"]
[White "Enigk, Frank"]
[Black "Hetey, Laszlo"]
[Result "1/2-1/2"]
[WhiteElo "2145"]
[BlackElo "2410"]
[EventDate "1996.11.26"]
[PlyCount "22"]

1. d4 Nf6 2. c4 g6 3. Nc3 Bg7 4. Nf3 O-O 5. Bg5 d6 6. e3 Nbd7 7. h3 c6 8. Be2 Qc7 9. O-O b6 10. Rc1 Bb7 11. d5 Rac8 1/2-1/2

[Event "GER-ch 68th"]
[Site "Dudweiler"]
[Date "1996.??.??"]
[Round "8"]
[White "Glienke, Manfred"]
[Black "Pirrot, Dieter"]
[Result "1/2-1/2"]
[WhiteElo "2325"]
[BlackElo "2415"]
[EventDate "1996.11.26"]
[PlyCount "174"]

1. d4 Nf6 2. Nf3 g6 3. Bf4 Bg7 4. e3 d6 5. h3 O-O 6. Be2 c5 7. O-O Qb6 8. Nbd2 Be6 9. Qc1 Nd5 10. Bg5 h6 11. Bh4 g5 12. Bg3 cxd4 13. Nxd4 Bxd4 14. exd4 Qxd4 15. Nf3 Qf6 16. Re1 Nc6 17. c3 Nf4 18. Bxf4 gxf4 19. Bf1 Bd5 20. Qd1 Bxf3 21. Qxf3 Kh8 22. Rad1 Ne5 23. Qe4 Rg8 24. f3 Qh4 25. g4 f5 26. Qd4 fxg4 27. hxg4 Rg7 28. Bg2 h5 29. Re4 hxg4 30. Rxf4 Qg3 31. fxg4 Nxg4 32. Rf3 Qh2+ 33. Kf1 Ne3+ 34. Qxe3 Qxg2+ 35. Ke1 Rh7 36. Rf2 Qg7 37. Rd4 Rf8 38. Rdf4 Rxf4 39. Qxf4 Rh5 40. Kd1 Qg1+ 41. Kc2 Qg6+ 42. Kb3 Kh7 43. Qf7+ Qxf7+ 44. Rxf7+ Kg6 45. Rxe7 Rb5+ 46. Kc2 Kf6 47. Rh7 Ra5 48. a3 b6 49. Kd3 Ke6 50. Rc7 d5 51. Rc6+ Ke5 52. Rh6 Ra4 53. Rc6 Ra5 54. Rc7 Ra4 55. Kc2 Kd6 56. Rh7 a5 57. Rh6+ Kc5 58. b4+ axb4 59. axb4+ Kc4 60. Rc6+ Kb5 61. Rd6 Kc4 62. Kb2 Ra6 63. Rh6 Kb5 64. Kb3 Ra1 65. Rd6 Rd1 66. Kc2 Rh1 67. Rxd5+ Kc6 68. c4 Rh3 69. Rd3 Rh4 70. Kc3 Rg4 71. Re3 Rg7 72. Re6+ Kc7 73. Kb3 Kb7 74. Ka4 Rh7 75. Re3 Rg7 76. Kb3 Rh7 77. Kc3 Rd7 78. Rd3 Rh7 79. Kb3 Rg7 80. Ka4 Rh7 81. Kb5 Rh5+ 82. Rd5 Rh7 83. Re5 Rg7 84. Re6 Rg5+ 85. c5 bxc5 86. Re7+ Kc8 87. bxc5 Rg6 1/2-1/2

[Event "GER-ch 68th"]
[Site "Dudweiler"]
[Date "1996.??.??"]
[Round "8"]
[White "Kirschbaum, Gunnar"]
[Black "Schmaltz, Roland"]
[Result "1/2-1/2"]
[WhiteElo "2195"]
[BlackElo "2440"]
[EventDate "1996.11.26"]
[PlyCount "82"]

1. d4 g6 2. c4 Bg7 3. Nc3 d6 4. e4 Nf6 5. f4 O-O 6. Nf3 Na6 7. Be2 c5 8. d5 e6 9. O-O exd5 10. cxd5 Nc7 11. Nd2 Re8 12. a4 b6 13. Kh1 Ba6 14. Bxa6 Nxa6 15. f5 Nb4 16. fxg6 hxg6 17. Qf3 Nc2 18. Rb1 Nd4 19. Qf4 Qe7 20. Nc4 Rad8 21. Bd2 Qc7 22. Qh4 Nh7 23. Bf4 a6 24. Qg3 Bf8 25. Ne3 b5 26. Ng4 b4 27. Bh6 bxc3 28. bxc3 Nc2 29. Bxf8 Rxf8 30. Rbc1 Na3 31. c4 Qd7 32. Rc3 Nxc4 33. Rxc4 Qe7 34. Rc3 Kg7 35. Qh3 Qg5 36. Rg3 Rb8 37. Ne3 Qe5 38. Ng4 Qg5 39. Ne3 Qe7 40. Ng4 Qg5 41. Ne3 Qe7 1/2-1/2

[Event "GER-ch 68th"]
[Site "Dudweiler"]
[Date "1996.??.??"]
[Round "8"]
[White "Klein, J."]
[Black "Haist, Wolfgang"]
[Result "1/2-1/2"]
[WhiteElo "2090"]
[BlackElo "2260"]
[EventDate "1996.11.26"]
[PlyCount "54"]

1. e4 c5 2. Nf3 d6 3. Bb5+ Nc6 4. O-O a6 5. Bxc6+ bxc6 6. h3 Nf6 7. Re1 e5 8. c3 Be7 9. d4 Qc7 10. dxe5 dxe5 11. Nbd2 a5 12. Nc4 Nd7 13. Bg5 f6 14. Be3 Ba6 15. Nfd2 O-O 16. Qg4 Bc8 17. f4 Nb6 18. f5 Rd8 19. Rad1 Nxc4 20. Nxc4 Ba6 21. b3 a4 22. Qe2 axb3 23. axb3 Rxd1 24. Rxd1 Rb8 25. Qa2 Bxc4 26. bxc4 Qb7 27. Kh2 Kf7 1/2-1/2

[Event "GER-ch 68th"]
[Site "Dudweiler"]
[Date "1996.??.??"]
[Round "8"]
[White "Klemm, Dietmar"]
[Black "Riegler, Dieter"]
[Result "0-1"]
[WhiteElo "2220"]
[BlackElo "2195"]
[EventDate "1996.11.26"]
[PlyCount "126"]

1. d4 Nf6 2. Nf3 g6 3. g3 Bg7 4. Bg2 O-O 5. O-O d6 6. c4 Nc6 7. Nc3 a6 8. b3 Rb8 9. Bb2 b5 10. cxb5 axb5 11. Rc1 Bd7 12. d5 Na5 13. Nd4 e5 14. dxe6 fxe6 15. e4 c5 16. Nde2 Ne8 17. Qd2 Nc6 18. Nd1 Qe7 19. Ne3 Ra8 20. Bxg7 Qxg7 21. f4 Ra7 22. Rfd1 e5 23. Nd5 Nd4 24. Nxd4 cxd4 25. fxe5 dxe5 26. Rc5 Nd6 27. Rdc1 Kh8 28. Rc7 Rxc7 29. Rxc7 Rc8 30. Ra7 Rb8 31. Qg5 h6 32. Qf6 Rb7 33. Qxd6 Rxa7 34. Qb8+ Be8 35. Qxe8+ Kh7 36. Qe6 h5 37. Nf6+ Kh6 38. g4 Rf7 39. g5+ Kxg5 40. Qxe5+ Kh6 41. Qxd4 Qxf6 42. Qe3+ Kh7 43. e5 Re7 44. exf6 Rxe3 45. Bd5 b4 46. Bc4 Re1+ 47. Kf2 Ra1 48. Ke3 Rxa2 49. h3 Rh2 50. Be6 Rc2 51. Kd4 Rf2 52. Ke5 Kh6 53. Bd5 Re2+ 54. Kd6 g5 55. Be6 Ra2 56. Ke5 Ra5+ 57. Kd6 Kg6 58. f7 Kg7 59. Bc4 g4 60. hxg4 hxg4 61. Ke7 Ra7+ 62. Ke8 Ra8+ 63. Ke7 g3 0-1

[Event "GER-ch 68th"]
[Site "Dudweiler"]
[Date "1996.??.??"]
[Round "8"]
[White "Lagunow, Alexander"]
[Black "Heidrich, Manfred"]
[Result "1/2-1/2"]
[WhiteElo "2425"]
[BlackElo "2340"]
[EventDate "1996.11.26"]
[PlyCount "59"]

1. Nf3 f5 2. g3 Nf6 3. Bg2 g6 4. O-O Bg7 5. c4 d6 6. d4 O-O 7. Nc3 c6 8. d5 e5 9. e4 cxd5 10. cxd5 Na6 11. exf5 gxf5 12. Nh4 f4 13. h3 Bd7 14. Re1 Rc8 15. Nf3 Qb6 16. gxf4 exf4 17. Qb3 Nh5 18. Bd2 Nc5 19. Qxb6 axb6 20. Bf1 Na4 21. Re7 Bxc3 22. bxc3 Rf7 23. Rxd7 Rxd7 24. Bb5 Nc5 25. Bxd7 Nxd7 26. Re1 Rc5 27. Re7 Nhf6 28. Bxf4 Nxd5 29. Rxd7 Nxf4 30. Rxd6 1/2-1/2

[Event "GER-ch 68th"]
[Site "Dudweiler"]
[Date "1996.??.??"]
[Round "8"]
[White "Loehn, Carsten"]
[Black "Becking, Stephan"]
[Result "1-0"]
[WhiteElo "2195"]
[BlackElo "2200"]
[EventDate "1996.11.26"]
[PlyCount "63"]

1. e4 e6 2. d4 d5 3. Nc3 Be7 4. e5 c5 5. Qg4 g6 6. Nf3 Nc6 7. dxc5 Bxc5 8. Bd3 Nb4 9. O-O h5 10. Qg3 Nxd3 11. cxd3 Nh6 12. Bg5 Qd7 13. Bf6 Nf5 14. Qf4 Rh6 15. h3 Bf8 16. g4 hxg4 17. hxg4 Ne7 18. a4 Ng8 19. Bg5 Rh7 20. Rfc1 Ne7 21. Kg2 b6 22. Nb5 Nc6 23. Rxc6 Qxc6 24. Rc1 Bc5 25. b4 Bb7 26. bxc5 bxc5 27. Nfd4 Qd7 28. Rxc5 Rc8 29. Nd6+ Kf8 30. Nxc8 Bxc8 31. Qf6 Ba6 32. Rc7 1-0

[Event "GER-ch 68th"]
[Site "Dudweiler"]
[Date "1996.??.??"]
[Round "8"]
[White "Lutz, Christopher"]
[Black "Wahls, Matthias"]
[Result "1/2-1/2"]
[WhiteElo "2565"]
[BlackElo "2540"]
[EventDate "1996.11.26"]
[PlyCount "93"]

1. e4 e5 2. Nf3 Nc6 3. Bb5 a6 4. Ba4 Nf6 5. O-O Be7 6. Re1 b5 7. Bb3 d6 8. c3 O-O 9. h3 Na5 10. Bc2 c5 11. d4 Qc7 12. Nbd2 cxd4 13. cxd4 Nc6 14. Nb3 a5 15. Be3 a4 16. Nbd2 Bd7 17. Rc1 Qb7 18. Bb1 Rfe8 19. Nf1 Bd8 20. Ng3 Rc8 21. Qe2 h6 22. dxe5 dxe5 23. Bd3 Rb8 24. Red1 Nb4 25. Bb1 Be6 26. a3 Nc6 27. Bc5 Bc7 28. Bd6 Bc4 29. Qe3 Bb6 30. Bc5 Bxc5 31. Qxc5 Rbc8 32. Qe3 Be6 33. Bd3 b4 34. Be2 Bb3 35. Re1 bxa3 36. bxa3 Rcd8 37. Qc5 Re6 38. Bc4 Nd7 39. Qe3 Bxc4 40. Rxc4 Nb6 41. Rc5 Nd4 42. Rec1 Nxf3+ 43. Qxf3 Rc8 44. Nf5 Rxc5 45. Rxc5 Kh7 46. Kh2 g6 47. Ne3 1/2-1/2

[Event "GER-ch 68th"]
[Site "Dudweiler"]
[Date "1996.??.??"]
[Round "8"]
[White "Movsziszian, Karen"]
[Black "Gross, Georg"]
[Result "1-0"]
[WhiteElo "2470"]
[BlackElo "2355"]
[EventDate "1996.11.26"]
[PlyCount "115"]

1. d3 e5 2. g3 f5 3. Bg2 Nf6 4. c4 g6 5. Nc3 Bg7 6. e4 fxe4 7. dxe4 O-O 8. Nge2 d6 9. O-O Be6 10. b3 Qd7 11. Nd5 c6 12. Nxf6+ Bxf6 13. Bh6 Rd8 14. Qd2 c5 15. f4 exf4 16. Qxf4 Bg7 17. Bxg7 Qxg7 18. Rad1 g5 19. Qf6 Qxf6 20. Rxf6 Bg4 21. Rfxd6 Re8 22. Kf2 Nc6 23. R1d5 Re5 24. Rxe5 Nxe5 25. Rd5 Re8 26. Nc1 b6 27. Ke3 Kf7 28. Nd3 Nxd3 29. Kxd3 h6 30. Rd6 Re6 31. Rd8 a5 32. Ke3 Ke7 33. Rb8 Kf6 34. h3 Bh5 35. h4 Bg4 36. hxg5+ hxg5 37. Bf3 Bxf3 38. Kxf3 Ke5 39. Rf8 Kd4 40. Rf5 a4 41. Rxg5 axb3 42. axb3 Kc3 43. Kf4 Kxb3 44. Kf5 Re8 45. Rg6 Rb8 46. e5 Kxc4 47. e6 b5 48. e7 b4 49. Rd6 Re8 50. Ke6 b3 51. Kf7 Rh8 52. Rd8 Rh7+ 53. Ke6 Rh1 54. e8=Q Re1+ 55. Kd6 Rxe8 56. Rxe8 Kd4 57. Rb8 c4 58. Rb4 1-0

[Event "GER-ch 68th"]
[Site "Dudweiler"]
[Date "1996.??.??"]
[Round "8"]
[White "Schmitzer, Klaus"]
[Black "Homuth, Manfred"]
[Result "0-1"]
[WhiteElo "2325"]
[BlackElo "2275"]
[EventDate "1996.11.26"]
[PlyCount "110"]

1. d4 f5 2. Bg5 d6 3. e3 g6 4. h4 Bg7 5. Bc4 h6 6. Bf4 Nc6 7. Nc3 e6 8. Nge2 Nf6 9. Bh2 g5 10. Ng3 Bd7 11. d5 exd5 12. Nxd5 Ne5 13. Bb3 Neg4 14. Qd3 Ne5 15. Qe2 Nxd5 16. Bxd5 Ng4 17. c3 c6 18. Bb3 Qa5 19. O-O-O O-O-O 20. Nh5 Nxh2 21. Nxg7 Qe5 22. Qd2 Ng4 23. Nh5 Be8 24. hxg5 hxg5 25. Ng3 Rxh1 26. Rxh1 Bg6 27. Bd1 Nf6 28. Rh6 Rg8 29. Bc2 f4 30. Rxg6 Rxg6 31. Bxg6 fxg3 32. f3 Nd5 33. Be4 Nf6 34. Qd4 Qe7 35. Bf5+ Kb8 36. e4 Qe5 37. Kd1 Nh5 38. Qd2 Nf4 39. Kc2 Qc5 40. Kb3 Qb5+ 41. Ka3 Kc7 42. c4 Qc5+ 43. Kb3 a5 44. a3 a4+ 45. Ka2 Qxc4+ 46. Ka1 Qc5 47. Bg4 b6 48. Qd1 b5 49. Qe1 Nd3 50. Qa5+ Qb6 51. Qa8 Qg1+ 52. Ka2 Nc1+ 53. Kb1 Nb3+ 54. Kc2 Qc1+ 55. Kd3 Qd2# 0-1